Научният медицински труд - информационно търсене, структура, оформление (Запис номер 118806)
[ съкратено ]
| 000 -Лидер | |
|---|---|
| Контролно поле с фиксирана дължина | 01317nam a2200313 c 4500 |
| 003 - Код на организацията, давaща контролен номер | |
| Контролно поле | BLK |
| 005 - Дата и час на последна редакция | |
| Контролно поле | 20221208103159.0 |
| 008 - Елементи от данни с фиксирана дължина | |
| fixed length control field | 180409b bul|||||r ||||||| ||bul|| |
| 010 ## - Наследен системен номер | |
| LC control number | KNG00124417000 |
| 040 ## - Източник на каталожния запис | |
| Идентификатор на билиотеката - собственик на записа | BLK |
| 041 ## - Код за език | |
| Код за езика на текст/звукозапис или на отделно заглавие | Български |
| Код за езика КДБФ | Български |
| 080 ## - УДК | |
| Текстов определител УДК | Медицина |
| УДК код - определител по УДК | 61 |
| УДК определител | :002.6(035) |
| УДК - код + определител | 61:002.6(035) |
| 080 ## - УДК | |
| Текстов определител УДК | Информационни институти, центрове и бюра. Вж и 026; 061.6 |
| УДК код - определител по УДК | 002.6 |
| УДК определител | (035) |
| УДК - код + определител | 002.6(035) |
| 100 1# - Редна дума - Автор | |
| Автор | Мичков, Христо Стоименов |
| Авторска отговорност | първи автор |
| R(LIN) | 98235 |
| 139 ## - Редно поле | |
| Редна дума | Мичков, Христо Стоименов |
| Авторски знак | Михо - М 76 |
| 245 10 - Сведения за заглавието | |
| Заглавие | Научният медицински труд - информационно търсене, структура, оформление |
| Подзаглавни данни | Ръководство |
| Редно поле (дума) | Христо Стоименов Мичков. |
| 257 ## - Страна на издаване | |
| Страна на създаване/издаване | България |
| 260 ## - Област на издателските данни | |
| Място на издаване, разпространение и проч. | София |
| Име на издателя, разпространителя и проч. | Медицина и физкултура |
| Година на издаване | 1980 |
| 300 ## - Физическа характеристика | |
| Страници | 76 с. |
| Размери/Мащаб | 22 см |
| 380 ## - Жанр | |
| Жанр | Медицина |
| 500 ## - Общи забележки | |
| Забележка | Библиогр. с. 74-75 |
| 650 #4 - Допълнително описание по предмет – тема | |
| Основно описание – тема или топоним | Медицина |
| 9 (RLIN) | 161604 |
| 650 #4 - Допълнително описание по предмет – тема | |
| Основно описание – тема или топоним | Научна информация |
| 9 (RLIN) | 289456 |
| 852 ## - Местоположение | |
| Форматна сигнатура | Цб 106043 |
| 856 4# - Електронен адрес и достъп | |
| Електронен формат | pdf - файл |
| Инструкция (цена за достъп) | 0.00 |
| Права за достъп | disable |
| 856 4# - Електронен адрес и достъп | |
| Електронен формат | pdf - файл |
| Инструкция (цена за достъп) | 0.00 |
| Права за достъп | disable |
| 999 ## - СИСТЕМНИ КОНТРОЛНИ НОМЕРА | |
| Koha biblionumber | 118806 |
| Koha biblioitemnumber | 118806 |
| 942 ## - АРТИКУЛИ | |
| Вид на библиотечния материал | Книги |
| Скрит в OPAC | Не |
| Периодичен библиозапис | Да |
| 944 ## - СЪЗДАВАНЕ И РЕДАКЦИЯ на ЗАПИСА | |
| Създаване/Редакция | Създаване |
| Дата на регистрацията/редакция | 19.07.2011 |
| Статус, дата на статуса | 19.07.2011 - от С1,Р / 19.07.2011 |
| Служител, извършил регистрацията/редакцията | Нора_Радева |
| 944 ## - СЪЗДАВАНЕ И РЕДАКЦИЯ на ЗАПИСА | |
| Създаване/Редакция | Редакция |
| Дата на регистрацията/редакция | 19.07.2011 |
| Статус, дата на статуса | 19.07.2011 - от С1,Р / 19.07.2011 |
| 944 ## - СЪЗДАВАНЕ И РЕДАКЦИЯ на ЗАПИСА | |
| Създаване/Редакция | Редакция |
| Дата на регистрацията/редакция | 2022-12-08 |
| Служител, извършил регистрацията/редакцията | Христина Везирева |
| 999 ## - СИСТЕМНИ КОНТРОЛНИ НОМЕРА | |
| Koha biblioitemnumber | 118806 |
| Код за отписване | Код за изгубен артикул | Източник на класификационната схема | Код за повреда | Коз за рестрикции | Код за отдаване | Артикулен № | Име на библиотеката - собственик | Име на библиотеката, в която се намира в момента | Статус (Текущо местоположение) | Дата на вписване в системата | Местоположение - отдел | Цена в лева | Инвентарен номер | Систематично азбучна сигнатура | Баркод | Номер на екземпляра | Цена в евро | Служебна бележка | Служебен тип на артикула |
|---|---|---|---|---|---|---|---|---|---|---|---|---|---|---|---|---|---|---|---|
| Не е изгубен | Universal Decimal Classification | Не е повреден | без рестрикции | ползва се в читалня | 191576 | Регионална библиотека "Любен Каравелов" Русе | Регионална библиотека "Любен Каравелов" Русе | Хранилище | 1980-01-01 | Хранилище | 0.72 | 315520 | Цб 106043 | 120000315520 | 1 | 0.37 | N: стар фонд Дата: 01.01.1980 | Книги | |
| Не е изгубен | Universal Decimal Classification | Не е повреден | само за читалня | ползва се в читалня | 191577 | Регионална библиотека "Любен Каравелов" Русе | Регионална библиотека "Любен Каравелов" Русе | СБИД | 1980-01-01 | СБИД | 0.72 | 316221 | С 6/М 76 Х | 120000316221 | 2 | 0.37 | N: стар фонд Дата: 01.01.1980 Дата инв: 05.06.2017 Бележки инв: С2017 | Книги | |
| Изтеглен | Не е изгубен | Universal Decimal Classification | Не е повреден | без рестрикции | заемане за дома | 191578 | Регионална библиотека "Любен Каравелов" Русе | Регионална библиотека "Любен Каравелов" Русе | Заемна - подръчен фонд | 1980-01-01 | Заемна - подръчен фонд | 0.72 | 316220 | П 61/М 76 | 316220 | 3 | 0.37 | N: стар фонд Дата: 01.01.1980 | Книги |